Normal view
MARC view
- The Penguin classics,
Entry Uniform Title
001 - CONTROL NUMBER
- control field: 1984
003 - CONTROL NUMBER IDENTIFIER
- control field: NUST
005 - DATE AND TIME OF LATEST TRANSACTION
- control field: 20170606090320.0
008 - FIXED-LENGTH DATA ELEMENTS
- fixed length control field: 170606|| aca||aabn | a|a d
040 ## - CATALOGING SOURCE
- Original cataloging agency: NUST
- Transcribing agency: NUST
130 ## - HEADING--UNIFORM TITLE
- Uniform title: The Penguin classics,
- Form subdivision: L118
670 ## - SOURCE DATA FOUND
- Source citation: Work cat.: (NUST)0: Nietzsche, Friedrich Wilhelm, 1844-1900. 1983, Thus spoke Zarathustra;, 1961
